Statistics for Top 10 NBA Players drafted in the 2000s

Click here to take the quiz!

General Stats

  • This quiz has been taken 159 times
  • The average score is 8 of 10

Answer Stats

DraftPlayer% Correct
1. 2003LeBron James
100%
3. 2007Kevin Durant
93%
2. 2009Steph Curry
93%
9. 2003Carmelo Anthony
88%
4. 2003Dwyane Wade
86%
5. 2009James Harden
84%
8. 2008Russell Westbrook
84%
6. 2005Chris Paul
78%
10. 2003Chris Bosh
75%
7. 2004Dwight Howard
69%

Score Distribution

Percentile by Number Answered

Percent of People with Each Score

Your Score History

You have not taken this quiz